000 00634nam a2200169 i 4500
001 45106
003 ES-MaACL
005 20260115063027.0
007 t|
008 030325s1951 sp ||||1| spa d
100 1 _aClavero Arévalo, Manuel,
_d1926-
_939131
245 1 3 _aEl recurso contencioso administrativo contra reglamentos y ordenanzas en la nueva Ley de Régimen Local /
_cManuel Francisco Clavero Arévalo.
260 _aMadrid :
_bReus,
_c1951.
500 _aEs separata de: Revista General de Legislación y Jurisprudencia, julio-agosto 1951.
852 _aES-MaACL
_j2014-F-12
_bR.45113
999 _c45106
_d45106